| 000 | 00410nam a22001817a 4500 | ||
|---|---|---|---|
| 003 | OSt | ||
| 005 | 20180116183027.0 | ||
| 008 | 151215b xxu||||| |||| 00| 0 eng d | ||
| 020 | _a0 | ||
| 040 | _c0 | ||
| 082 | _a813.54 WER 1979 | ||
| 100 | _aMarvin Werlin | ||
| 245 | _aThe Saviour | ||
| 260 |
_aGreat Britain _bArrow Books _c1979 |
||
| 300 |
_a384 p. _bPB. |
||
| 440 | _aThe Saviour | ||
| 942 |
_2ddc _cBK |
||
| 999 |
_c350849 _d350849 |
||